| 000 | 00609nam a2200205Ia 4500 | ||
|---|---|---|---|
| 003 | SISC | ||
| 005 | 20170119130737.0 | ||
| 008 | 140321s9999 xx 000 0 und d | ||
| 020 | _a9781133627494 | ||
| 050 |
_aHD 31 _b.G7625 2014 |
||
| 100 | _aGriffin, Ricky W. | ||
| 245 |
_aFundamentals of management / _cRicky W. Griffin. |
||
| 250 | _a7th edition. | ||
| 260 |
_aOhio : _bSouth-Western Cengage Learning, _c2014. |
||
| 300 |
_a490 pages : _bcolor illustrations ; _c26 cm. |
||
| 500 | _aIncludes bibliographic references and index. | ||
| 650 | _aManagement. | ||
| 942 |
_kFOR _cBK _2lcc |
||
| 999 |
_c48613 _d48613 |
||